000 00589nam a2200205Ia 4500
003 OSt
005 20240930091728.0
008 210210b1972 xxu||||| |||| 00| 0 eng d
040 _cAL
041 _aHindi
082 _aH891.8 KAPC
100 _aKAPUR (Shyam).
_dश्याम कपूर
_9180714
245 _aChandrashekhar Venkat Raman.
_bचंद्रशेखर वेंकट रमन
260 _aDilli
_bPitambar Buk Dipo
_c1972
300 _a76
650 _aRaman Biography
_9180715
690 _aHindi Miscellaneous
_9180716
906 _a029944
942 _2ddc
_cBK
999 _c81142
_d81142